000
00250nam a22000977a 4500
008
180803b xxu||||| |||| 00| 0 eng d
082
_a
813.52
245
_a
Bioterrorism Preparedness: High-Priority Agents
_c
Trinity
300
_a
1
_f
CD
942
_2
ddc
_c
MX
999
_c
46773
_d
46773